Mak Nyah

Bibliographic Details
Format: Book

MARC

LEADER 00000cam a2200000 7i4500
001 0000008827
002 000009625
005 20000330.0
020 |a 9838880329 
090 0 0 |a F   |b ROS 
245 1 0 |a Mak Nyah 
999 |a 023349   |b BUKU   |c PINJAMAN   |e PERPUSTAKAAN KOMUNITI PETALING JAYA